00626nam a22002177a 450000500170000001000150001702000260003203500140005803700090007208200190008110000180010024500590011825000060017726000440018327000760022730000200030370000280032370000230035170000240037476000100039820250731123455.0 aENG-146252 c500.00a9789392151743 aEN-129784 bDBAD a302.231095421 aSoundarya, M. aSocial Media and Web Analysis/cM. Soundarya...[et.al] a1 aTamil NadubFirst Book Publishingc2025 bTamil Nadua61, 66 T. P. K. Main Road, Vasantha Nagar, Madurai,e625003 a119p.c22cm(pb) aKhan, P. hameeneAuthor aGeetha, R.eAuthor aKalidhass, eAuthor bFirst